| 000 | 00704nam a2200217Ia 4500 | ||
|---|---|---|---|
| 003 | GCL | ||
| 008 | 140319s9999 xx 000 0 ara d | ||
| 040 |
_aGCL / _cGCL |
||
| 082 | 0 | 4 |
_a247.1 _bت م |
| 100 | 1 | _aمحمد باقر الصدر | |
| 245 | 1 | 0 |
_aتاريخ ما بعد الصدور / _cمحمد باقر الصدر |
| 260 |
_a[S.N] : _bدار التعارف للمطبوعات ، _c1987 |
||
| 300 | _a680 ص | ||
| 490 |
_aموسوعة الامام المهدى _v0 |
||
| 650 | 0 | 4 | _aالتاريخ الاسلامى |
| 650 | 0 | 4 | _aالفرق الاسلامية |
| 650 | 0 | 4 | _aالشيعة |
| 650 | 0 | 4 | _aالمهدى المنتظر |
| 650 | 0 | 4 | _aالقصص القرآنية |
| 942 |
_2ddc _cBK |
||
| 999 |
_c37524 _d37524 |
||